| Tag |
First Indicator |
Second Indicator |
Subfields |
| LEADER |
00000cam a2200000 4500 |
| 001 |
in00000034599 |
| 005 |
20151007061948.0 |
| 008 |
751125s1948 nyu 00011 eng |
| 010 |
|
|
|a 48006152
|
| 035 |
|
|
|a (OCoLC)01854865
|
| 035 |
|
|
|9 AAD3607AM
|
| 040 |
|
|
|a DLC
|c FBA
|d TXA
|d UtOrBLW
|
| 049 |
|
|
|a TXAM
|c [209188]
|
| 050 |
0 |
0 |
|a PZ3.S46667
|b Co
|
| 090 |
|
|
|a PR6037.E5
|b C65 1948
|
| 092 |
|
|
|a 813
|b S467c
|
| 100 |
1 |
|
|a Sellars, Crighton,
|d 1881-
|
| 245 |
1 |
0 |
|a Contrary winds /
|c [by] Crighton Sellars.
|
| 250 |
|
|
|a 1st ed.
|
| 264 |
|
1 |
|a Garden City, N.Y. :
|b Doubleday,
|c 1948.
|
| 300 |
|
|
|a 303 pages ;
|c 22 cm.
|
| 336 |
|
|
|a text
|b txt
|2 rdacontent
|
| 337 |
|
|
|a unmediated
|b n
|2 rdamedia
|
| 338 |
|
|
|a volume
|b nc
|2 rdacarrier
|
| 999 |
|
|
|a MARS
|
| 999 |
f |
f |
|s 58f6e197-41e2-35d5-a701-89358156924c
|i 8da37076-7587-31a0-8ec5-67984a531026
|t 0
|
| 952 |
f |
f |
|p ric
|a Texas A&M University
|b Rellis Campus
|c Joint Library Facility
|d Remote Storage
|t 0
|e PR6037.E5 C65 1948
|h Library of Congress classification
|i unmediated -- volume
|m A14801250118
|
| 998 |
f |
f |
|a PR6037.E5 C65 1948
|t 0
|l Remote Storage
|